000 00701nam a2200157 a 4500
001 000043893
005 20201002045030.0
008 140508s1996 sp 000 0 spa d
020 _a8481811394
040 _aDO-SdBNP
_bspa
_cBNPHU
100 1 _aRoca i Girona, Jordi
_971788
245 1 0 _aDe la pureza a la maternidad :
_bla construcción del género femenino en la postguerra española /
_cJordi Roca i Girona.
260 _a[Madrid] :
_bMinisterio de Educación y Cultura. Dirección General de Bellas Artes y Bienes Culturales. Subdirección General de Museos Estatales,
_c1996.
300 _a377 p. :
_bil. ;
_c22 cm.
500 _aIncluye datos biográficos del autor en la solapa de la contracubierta
999 _c43382
_d43382